¿CUÁNTO SABES DE CÓRDOBA? ¡IDENTIFICA TODOS SUS DEPARTAMENTOS! - Estadísticas

Estadísticas generales
  • Esta prueba ha sido intentada 123 veces
  • La puntuación promedio es 13 de 26
Respuestas en el mapa
Las respuestas están codificadas por una escala verde-roja en el mapa de la prueba según el % correcto abajo.
 
Estadísticas de respuestas
Respuesta % Correcto
Capital
74%
Ischilín
65%
Río Cuarto
65%
Santa María
61%
General San Martín
58%
Unión
58%
Calamuchita
55%
Colón
55%
General Roca
55%
Minas
55%
Punilla
52%
Río Primero
52%
Marcos Juárez
48%
Presidente Roque Saénz Peña
48%
Río Segundo
48%
Cruz del Eje
45%
San Alberto
45%
San Justo
45%
Tercero Arriba
45%
Juárez Celman
42%
San Javier
42%
Tulumba
42%
Pocho
39%
Totoral
35%
Sobremonte
32%
Río Seco
32%
No se encontraron pruebas coincidentes
Distribución de puntuación
Porcentaje de gente con cada puntuación
Porcentaje por número respondido
Historial de tus puntuaciones
No has intentado esta prueba.